Le palmarès des 100 prénoms masculins du XXe siècle - Statistiques

Statistiques générales
  • Ce quiz a été pris 36 120 fois
  • Le résultat moyen est 57 sur 100
Statistiques - réponses
Rang Prénom % Correct
1 Jean
98%
2 Pierre
92%
18 Paul
90%
7 Louis
85%
17 François
84%
8 Jacques
84%
46 Marc
84%
4 Michel
84%
30 Julien
78%
25 Nicolas
78%
10 Philippe
78%
24 Patrick
77%
43 Antoine
76%
26 Christophe
76%
53 Thomas
76%
28 Charles
73%
14 Bernard
72%
42 Alexandre
71%
88 Jules
71%
22 Christian
70%
19 Claude
70%
3 André
68%
9 Henri
68%
40 Olivier
68%
34 Stéphane
68%
15 Alain
67%
37 David
67%
32 Eric
67%
69 Kévin
67%
31 Laurent
67%
27 Frédéric
66%
54 Jean-Pierre
66%
35 Sébastien
66%
23 Gérard
64%
51 Vincent
64%
11 Georges
63%
76 Mathieu
63%
5 René
63%
12 Robert
63%
39 Thierry
63%
21 Daniel
62%
44 Dominique
62%
48 Guillaume
62%
45 Yves
62%
6 Marcel
61%
60 Maxime
60%
33 Pascal
60%
73 Patrice
58%
47 Didier
57%
63 Romain
56%
59 Franck
55%
20 Maurice
55%
55 Jérôme
54%
90 Victor
54%
91 Xavier
54%
80 Emmanuel
53%
65 Anthony
52%
36 Guy
52%
66 Léon
52%
64 Denis
51%
13 Roger
51%
38 Albert
50%
52 Bruno
50%
41 Lucien
50%
85 Benoît
49%
89 Damien
49%
58 Gilles
49%
82 Clément
48%
96 Fabien
48%
75 Gabriel
48%
81 Benjamin
47%
79 Fabrice
47%
57 Francis
46%
16 Joseph
46%
50 Serge
46%
74 Sylvain
46%
95 Alexis
45%
70 Cédric
45%
100 Etienne
44%
61 Jean-Claude
44%
29 Raymond
44%
49 Emile
43%
94 Florian
43%
84 Jérémy
43%
78 Arnaud
42%
87 Adrien
40%
93 Jean-Luc
38%
98 Edouard
37%
72 Hervé
37%
71 Joël
34%
92 Mickaël
34%
56 Gilbert
33%
86 Ludovic
33%
62 Fernand
32%
77 Gaston
32%
99 Jean-François
32%
83 Auguste
27%
68 Roland
26%
97 Alfred
24%
67 Eugène
22%
Aucun quiz correspondant
Distribution des résultats
% des personnes avec chaque résultat
Percentile par nombre de réponses
Votre historique - résultats
Vous n’avez pas pris ce quiz